[Event "GER-chT U12"]
[Site "Verden"]
[Date "2004.12.29"]
[Round "5.4"]
[White "Heider, Jan"]
[Black "Foss, David"]
[Result "0-1"]
[WhiteElo "1089"]
[BlackElo "1343"]
[PlyCount "80"]
[EventDate "2004.12.27"]
[EventType "team-swiss"]
[EventRounds "7"]
[EventCountry "GER"]
[SourceTitle "EXT 2006"]
[Source "ChessBase"]
[SourceDate "2005.11.24"]
[SourceVersion "1"]
[SourceVersionDate "2005.11.24"]
[SourceQuality "1"]

1. e4 d5 2. d4 dxe4 3. Nc3 Nf6 4. f3 exf3 5. Nxf3 Bf5 6. Bd3 Bg4 7. 0-0 e6 8. Be3 Nc6 9. h3 Bh5 10. g4 Bg6 11. Ne5 Nxd4 12. Bxg6 hxg6 13. Qxd4 Qxd4 14. Bxd4 Rxh3 15. Nb5 Bd6 16. Rad1 a6 17. g5 Rg3+ 18. Kh1 Rxg5 19. Nxd6+ cxd6 20. Nf3 Rf5 21. Bxf6 Rxf6 22. Rf2 d5 23. Rh2 Ke7 24. Ne5 Rf5 25. Ng4 Rh5 26. b3 Rxh2+ 27. Kxh2 Rc8 28. Ne3 Rc3 29. Rd3 Rxd3 30. cxd3 Kf6 31. Ng4+ Kf5 32. Ne3+ Kf4 33. Ng2+ Ke5 34. a4 g5 35. b4 f5 36. b5 axb5 37. axb5 Kd4 38. Ne1 Ke3 39. Nc2+ Kxd3 40. Nb4+ Kc4 0-1